Culture Générale - Série 50 - Statistiques

Statistiques générales
  • Ce quiz a été pris 1 602 fois
  • Le résultat moyen est 5 sur 10
Statistiques - réponses
Question Réponse % Correct
Qui est l'heroïne de "Notre-Dame de Paris" ? Esmeralda
83%
Quelle déesse a été représentée sortant des eaux par Botticelli ? Venus
77%
Comment appelle-t-on un bateau à trois coques ? Trimaran
74%
Quelle est le nom de la jeune fille blonde de la bande dessinée Astérix " ? Falbala
71%
Comment appelle-t-on le petit "sac" de peau qui renferme les testicules ? Scrotum
54%
Qui a peint "Le sacre de Napoléon" ? David
38%
Qu'est-ce qu'une "épinoche" ? Poisson
23%
"La nuit, tous les chats sont gris ; les petits gris sont des escargots, donc la nuit, les chats sont des escargots !". On appelle ceci : Syllogisme
20%
Qu'est ce qu'un syringa ? Fleur
10%
Que récolte un seringueiro au Brésil ? Latex
7%
Aucun quiz correspondant
Distribution des résultats
% des personnes avec chaque résultat
Percentile par nombre de réponses
Votre historique - résultats
Vous n’avez pas pris ce quiz